Asian Geography with A like last letter - Statistics

General Stats
  • This quiz has been taken 26 times
  • The average score is 15 of 20
Answer Stats
Question Answer % Correct
Capital city of Turkey Ankara
100%
Countries that will overtake China in population by 2023 India
100%
Large country where Riyadh is located Saudi Arabia
100%
Capital of Bangladesh Dhaka
96%
Capital of Qatar Doha
96%
Largest mountain range in the world Himalaya
96%
Another city besides Nagasaki to be destroyed by a bomb Hiroshima
96%
Capital located on the island of Java Jakarta
96%
Capital of Philippines Manila
96%
Island with Colombo as its capital Sri Lanka
96%
Palestinian territory in southern Israel Gaza
92%
Second big city in Japan after Tokyo Osaka
92%
Large Indonesian volcano between Sumatra and Java Krakatoa
75%
Sacred monument of this country Kaaba
63%
Natural region of Turkey Anatolia
54%
In Russia it is called boreal forest or Hudsonian forest Taïga
54%
Russian river sounding like a female first name Léna
50%
City ​​in Thailand 150km from Bangkok Pattaya
29%
Third highest peak on Earth, after Everest and K2, Kanchenjunga
13%
Sacred mountain of Buddhism and Shintoism since at least the early 8th century Kasugayama
0%
No matching quizzes found
Score Distribution
Percent of People with Each Score
Percentile by Number Answered
Your Score History
You have not taken this quiz